| 000 | 00540nam a2200181 a 4500 | ||
|---|---|---|---|
| 001 | 000020158 | ||
| 005 | 20200929170306.0 | ||
| 008 | 100726s1992 br 000 0 spa d | ||
| 040 |
_aDO-SdBNP _bsapa _cBNPHU |
||
| 041 | 1 | 7 |
_aspa _heng _hpor |
| 082 |
_axxx _bB582b |
||
| 245 | 0 | 0 | _aBibliografía bíblica latino-americana. |
| 260 |
_aSão Paulo : _bUMESP _bVozes, _c1992. |
||
| 300 |
_av. : _b21 cm. |
||
| 500 | _aLa biblioteca posee los volúmenes 5 y 8 1992-1995 | ||
| 710 | 2 |
_aUniversidades Metodista de São Paulo _942748 |
|
| 049 | _aBNPD | ||
| 999 |
_c19665 _d19665 |
||